Agricultural land market in selected regions of the Slovak Republic

Rozvinutý trh s pôdou ako nevyhnutná podmienka vstupu Slovenska do EÚ. Úradná cena pôdy, trhová cena pôdy.

Na minha lista:
Detalhes bibliográficos
Autor principal: Buday, Štefan
Formato: Capítulo de Livro
Idioma:inglês
Assuntos:
Tags: Adicionar Tag
Sem tags, seja o primeiro a adicionar uma tag!

MARC

LEADER 00000naa a2200000 4500
001 r049459
005 20240717104328.8
041 0 |a eng 
044 |a CZ 
245 1 0 |a Agricultural land market in selected regions of the Slovak Republic  |c Štefan Buday 
520 |a Rozvinutý trh s pôdou ako nevyhnutná podmienka vstupu Slovenska do EÚ. Úradná cena pôdy, trhová cena pôdy. 
610 2 0 |a pôda 
610 2 0 |a trh 
610 2 0 |a cena pôdy 
610 2 0 |a ceny trhové 
610 2 0 |a ceny predajné 
610 2 0 |a kataster nehnuteľností 
610 2 0 |a Slovensko 
100 1 |a Buday, Štefan